• 首页
  • 本馆介绍
  • 公告通知
  • 最新文献
  • 馆藏检索
  • 电子资源
  • 读者导购
  • 参考咨询
  • 我的图书馆
  • 登录
  • 详细信息显示
  • 放入我的书架
  • 预约/预借图书
  • 作者相关作品
  • 分类相关作品
  • 丛书相关作品
  • 出版社相关作品

书目信息

  • 表格格式
  • 工作单格式
  • 卡片格式
题名:
关于美国国防部侵越秘密报告材料汇编
    
 
作者: ;三联书店 编辑
分册:  
出版信息: 北京   三联书店  1973
页数: 2册(955页)
开本: 19cm
丛书名:
单 册:
中图分类: D871.20
科图分类:
主题词: 美国对外政策 , 侵略--美国
电子资源:
ISBN: 3002.153
000 00754cam0 2200253 450
001 0105511099
005 20070921125414.0
010    @a3002.153@dCNY2.85
091    @a3002.153@dCNY2.85
100    @a19960315d1973 em y0chiy0110 ea
101 0  @achi
102    @aCN@b110000
105    @ay z 000yy
106    @ar
200 1  @a关于美国国防部侵越秘密报告材料汇编@9Guan Yu Mei Guo Guo Fang Bu Qin Yue Mi;Bi Mi Bao Gao Cai Liao Hui Bian @f三联书店编辑@b专著
210    @a北京@c三联书店@d1973
215    @a2册(955页)@d19cm
606 0  @a美国对外政策
606 0  @a侵略@y美国
690    @aD871.20@v3
711 02 @a三联书店@9san lian shu dian@4编辑
801  0 @aCN@b广东省中山图书馆
801  2 @aCN@bAiZhiMarc
905    @aBZT@dD871.20@e7@f1@sD871.20/7
    
    关于美国国防部侵越秘密报告材料汇编/三联书店编辑.-北京:三联书店,1973
    2册(955页);19cm
    
    
    ISBN 3002.153:CNY2.85
    
●
相关链接 在五车中查询图书 在当当中查询图书 在豆瓣中查询图书


正题名:关于美国国防部侵越秘密报告材料汇编     索取号:D871.20/7         预约/预借

序号 登录号 条形码 馆藏地/架位号 状态 备注
1 2000078931   2000078931   旧书回溯/ [索取号:D871.20/7] 在馆    
山东省滨州职业学院图书馆 欢迎您!
大连网信软件有限公司© 版权所有